000 01084cam a22003377a 4500
003 CHAP
005 20220329135157.0
008 971013s1978 r 00010 d
010 _a32198
011 _a33170
035 _a37285
040 _cCHAP
090 _aTesis
100 0 0 _aLópez Leal, Héctor.
_968015
245 1 3 _aEl impuesto al valor agregado en México
260 _aMonterrey, N.L. :
_bEl autor,
_c1978
300 _a107 h.
502 _aTesis (Lic. en Economía) -- Univ. Autónoma de Nuevo León. Fac. de Economía
590 _aALEPH
_b10
_c20130110
_lUCH01
_h1255
590 _aBATCH-UPD
_b10
_c20130110
_lUCH01
_h0000
590 _aBATCH-UPD
_b10
_c20130110
_lUCH01
_h1939
590 _aBATCH-UPD
_b10
_c20130409
_lUCH01
_h1934
590 _aBATCH-UPD
_b10
_c20130410
_lUCH01
_h1302
590 _aBATCH-UPD
_b10
_c20130914
_lUCH01
_h1630
590 _aCONVERSION
_b10
_c20130109
_lUCH01
_h1318
650 1 4 _aImpuesto al valor agregado.
_957489
650 1 4 _aImpuestos
_xMéxico.
_957501
901 _aBK
942 _cTESIS
949 _bBC
_cTES
_d-85407
_eTS1
_i37285
_si
999 _c32198
_d32198